La figura delictiva del artículo 365 del Código Penal

Guardat en:
Dades bibliogràfiques
Autor principal: Arancibia Calderón, Armando (Autor)
Format: Llibre
Idioma:espanyol
Publicat: Santiago Jurídica de Chile 1966
Col·lecció:Seminario de Derecho Penal y Medicina Legal, 6
Matèries:
Etiquetes: Afegir etiqueta
Sense etiquetes, Sigues el primer a etiquetar aquest registre!

MARC

LEADER 00000nam a2200000 a 4500
001 UCS0258
003 CL-VaPUC
008 970418e19660000CL |||||||||||||||||spa|d
082 0 4 |a 364.153  |b ARA  |2 21 
100 0 |a Arancibia Calderón, Armando  |e author  |9 383503 
245 1 3 |a La figura delictiva del artículo 365 del Código Penal 
300 |a 111 p 
942 |c BK 
945 |d 19970418 00:00:00  |a paguirre 
260 |a Santiago  |b Jurídica de Chile  |c 1966 
650 7 |a DERECHO PENAL  |2 CL-VaPUC  |9 11 
650 0 |a Delitos  |9 224143 
650 0 |a Delitos sexuales  |9 256093 
650 7 |a DESVIACION SEXUAL  |2 CL-VaPUC  |9 383504 
650 7 |a SODOMIA  |2 CL-VaPUC  |9 383505 
650 0 |a Homosexualidad  |9 255614 
650 0 |a Artículo 365   |9 383506 
651 7 |a CHILE  |2 CL-VaPUC  |9 383507 
583 |a last modification  |c 19970418 00:00:00  |k Rodrigo Vera 
490 0 |a Seminario de Derecho Penal y Medicina Legal, 6 
999 |c 258497  |d 258495 
952 |0 0  |1 0  |4 0  |6 364_153000000000000_ARA_1966  |7 0  |8 A  |9 282655  |a BIBDER  |b BIBDER  |d 2019-11-19  |i 1832905  |o 364.153 ARA 1966  |p 1832905  |r 2019-11-19  |w 2019-11-19  |y BK  |k DER 
952 |0 0  |1 0  |4 0  |6 364_153000000000000_ARA_1966  |7 0  |8 A  |9 282656  |a BIBDER  |b BIBDER  |d 2019-11-19  |i 1832913  |o 364.153 ARA 1966  |p 1832913  |r 2023-01-25  |w 2019-11-19  |y BK  |k DER